| 000 | 00903nam a22002655i 4500 | ||
|---|---|---|---|
| 001 | 12665 | ||
| 003 | ES-MaACL | ||
| 005 | 20231214200119.0 | ||
| 007 | t| | ||
| 008 | 910910s1986 sp ||||0| spa j | ||
| 020 | _a84-7472-066-4 | ||
| 040 |
_aM-BN _bspa _cM-BN |
||
| 080 | _a860-14"19" | ||
| 100 | 1 |
_aCasala, Carmina. _936061 |
|
| 245 | 1 | 0 |
_aAhora que las algas agonizan / _cCarmina Casala ; "palabra" previa de Luis Jiménez Martos. |
| 260 |
_aMadrid : _bInstituto Hispano-Arabe de Cultura, _c1986. |
||
| 300 |
_a84 p. ; _c21 cm. |
||
| 490 | 1 |
_aColección de poesía Ibn Zaydún ; _v7 |
|
| 700 | 1 |
_aJiménez Martos, Luis, _d1926-2003 _966562 |
|
| 710 | 2 |
_aInstituto Hispano-Árabe de Cultura. _9162165 |
|
| 830 | 0 |
_aColección de poesía Ibn Zaydún ; _v7 _9179342 |
|
| 852 |
_aES-MaACL _jL-20095 _bR.116991 |
||
| 852 |
_aES-MaACL _jL-13264 _bR.115926 |
||
| 999 |
_c12665 _d12665 |
||